Normal view
MARC view
Entry Personal Name
001 - CONTROL NUMBER
- control field: 88864
003 - CONTROL NUMBER IDENTIFIER
- control field: dpl
005 - DATE AND TIME OF LATEST TRANSACTION
- control field: 20260410144914.0
008 - FIXED-LENGTH DATA ELEMENTS
- fixed length control field: 260410|| aca||aabn | a|a d
040 ## - CATALOGING SOURCE
- Original cataloging agency: dpl
- Transcribing agency: dpl
100 ## - HEADING--PERSONAL NAME
- Personal name: Ranabadran, Sudarshan
670 ## - SOURCE DATA FOUND
- Source citation: Work cat.: (dpl)193911: Ranabadran, Sudarshan, Makers of Modern Dalit/, 2021
